| 000 | 00383nam a22001577a 4500 | ||
|---|---|---|---|
| 005 | 20251108173148.0 | ||
| 008 | 250721s9999 xx 000 0 eng d | ||
| 082 | 1 | 4 | _a751.42/woo |
| 100 | 1 | _awood, laurence | |
| 245 | 1 | 0 | _awatercolour masterclass / |
| 264 | 1 |
_alondon : _bharper collins publishers, |
|
| 300 | _a128 | ||
| 650 | 1 | 7 | _aCOLOURS |
| 942 |
_2ddc _cREF |
||
| 999 |
_c97481 _d97481 |
||